| 000 | 00526nam a22001817a 4500 | ||
|---|---|---|---|
| 003 | OSt | ||
| 005 | 20250625175745.0 | ||
| 008 | 240726b |||||||| |||| 00| 0 eng d | ||
| 041 | _aEnglish | ||
| 082 | _2CR/CLF/24 Acc.No.9296 C1 | ||
| 100 | _aAMIN ADAM, Mohammed | ||
| 110 | _aMinister For Finance | ||
| 245 | _aApproval For Hosting Agreement For Climate Vulnerable Forum 2024 | ||
| 260 |
_aAccra: _bParliament Of Ghana, _c2024. |
||
| 300 | _a13p.,diags.; | ||
| 653 | _aClimate Vulnerable Forum 2024 | ||
| 942 |
_2ddc _cMOU _n0 |
||
| 999 |
_c4236 _d4236 |
||